Gulf War veterans : limitations of available data for accurately determining the incidence of tumors : statement of Kwai-Cheung Chan, Director of Special Studies and Evaluations, National Security and International Affairs Division, before the Subcommittee on Human Resources, Committee on Government Reform and Oversight, House of Representatives /

Bibliographic Details
Main Author: Chan, Kwai-Cheung
Corporate Author: United States. General Accounting Office
Format: Government Document Microform Book
Language:English
Published: Washington, D.C. (P.O. Box 37050, Washington, D.C. 20013) : The Office, [1998]
Series:Testimony ; GAO/T-NSIAD-98-186.
Subjects:
Online Access:Adobe Acrobat Reader required

MARC

Tag First Indicator Second Indicator Subfields
LEADER 00000cam a2200000 a 4500
001 in00000002052
007 he bmb024baca
008 990805s1998 dcu bb f000 0 eng d
005 20230310162256.6
035 |a (OCoLC)ocm42020878 
035 |9 AJE8202AM 
035 |a in00000002052 
037 |a 160465  |b GAO (202) 512-6000 (Voice); (202) 512-6061 (Fax)  |f paper copy 
040 |a GPO  |c GPO  |d DLC  |d MvI  |d UtOrBLW 
043 |a n-us--- 
049 |a UMIC 
049 |a WWW 
074 |a 0546-D-01 (MF) 
074 |a 0546-D-01 (online) 
086 0 |a GA 1.5/2:T-NSIAD-98-186 
100 1 |a Chan, Kwai-Cheung. 
245 1 0 |a Gulf War veterans :  |b limitations of available data for accurately determining the incidence of tumors : statement of Kwai-Cheung Chan, Director of Special Studies and Evaluations, National Security and International Affairs Division, before the Subcommittee on Human Resources, Committee on Government Reform and Oversight, House of Representatives /  |c United States General Accounting Office. 
246 3 0 |a Limitations of available data for accurately determining the incidence of tumors 
264 1 |a Washington, D.C. (P.O. Box 37050, Washington, D.C. 20013) :  |b The Office,  |c [1998] 
300 |a 17 pages ;  |c 28 cm. 
336 |a text  |b txt  |2 rdacontent 
337 |a microform  |b h  |2 rdamedia 
338 |a microfiche  |b he  |2 rdacarrier 
490 1 |a Testimony ;  |v GAO/T-NSIAD-98-186 
500 |a Cover title. 
500 |a Shipping list number: 99-0233-M. 
500 |a "For release ... May 14, 1998." 
500 |a "May 14, 1998." 
504 |a Includes bibliographical references. 
533 |a Microfiche.  |b [Washington, D.C.] :  |c U.S. General Accounting Office,  |d [1999?]  |e 1 microfiche : negative. 
530 |a Also available via Internet from the GPO Access web site. Address as of 12/18/01: http://frwebgate.access.gpo.gov/cgi-bin/getdoc.cgi?dbname=gao&docid=f:ns98186t.pdf; current access is available via PURL. 
500 |a Microform. 
650 0 |a Persian Gulf War, 1991  |x Health aspects. 
650 0 |a Persian Gulf syndrome  |x Reporting  |z United States. 
650 0 |a Tumors  |x Reporting  |z United States. 
610 1 0 |a United States.  |b Department of Defense  |x Data processing. 
710 1 |a United States.  |b General Accounting Office. 
830 0 |a Testimony ;  |v GAO/T-NSIAD-98-186. 
856 4 1 |u https://purl.fdlp.gov/GPO/LPS16451  |z Adobe Acrobat Reader required  |t 0 
999 |a MARS 
999 f f |i 51e6762e-3204-37b4-944c-69a767680ac3  |s aebaf029-d8c7-33f2-822c-29e995d49325  |t 0 
952 f f |p normal  |a Texas A&M University  |b College Station  |c Sterling C. Evans Library  |d Evans: US Documents Microfiche (3rd floor)  |t 0  |e GA 1.5/2:T-NSIAD-98-186  |h Superintendent of Documents classification  |i microform -- microfiche  |m A14824421908 
952 f f |a Texas A&M University  |b College Station  |c Electronic Resources  |d Available Online  |t 0  |e GA 1.5/2:T-NSIAD-98-186  |h Superintendent of Documents classification 
998 f f |a GA 1.5/2:T-NSIAD-98-186  |t 0  |l Evans: US Documents Microfiche (3rd floor) 
998 f f |a GA 1.5/2:T-NSIAD-98-186  |t 0  |l Available Online